| 000 | 01372nam a2200325 i 4500 | ||
|---|---|---|---|
| 001 | 179720 | ||
| 003 | ES-MaACL | ||
| 005 | 20250903005028.0 | ||
| 008 | 120112s2010 sp abdo |||| | spa d | ||
| 020 | _a978-84-380-0439-5 (CICCP) | ||
| 020 | _a978-84-92554-15-7 (Diputación Provincial de Ourense) | ||
| 080 | _a621.31:061.26(460.27 M.)(091) | ||
| 080 | _a626/627(282.246.25)(091) | ||
| 100 | 1 |
_aChávarri Pérez, Susana. _9149035 |
|
| 245 | 1 | 3 |
_aLa construcción de los Saltos del Sil, 1945-1965 / _cSusana Chávarri Pérez. |
| 250 | _a1ª ed. | ||
| 260 |
_a[Orense] : _bDiputación Provincial de Ourense ; _aMadrid : _bColegio de Ingenieros de Caminos, Canales y Puertos, _c2010. |
||
| 300 |
_a401 p. : _bil. col. y n., fot., gráf., mapas ; _c25 cm. |
||
| 490 | 1 |
_aCiencias, humanidades e ingeniería ; _v91 |
|
| 500 | _aÍndices. | ||
| 504 | _aBibliografía: p. [379-]-395. | ||
| 610 | 2 | 7 |
_aSaltos del Sil (Madrid)- _vHistoria. _9149036 |
| 650 |
_aObras hidráulicas- _zEspaña. _915673 |
||
| 710 | 1 |
_aOrense (Provincia). _bDiputación Provincial. _96050 |
|
| 710 | 2 |
_aColegio de Ingenieros de Caminos, Canales y Puertos. _9139226 |
|
| 830 | 0 | 0 |
_aColección de ciencias, humanidades e ingeniería _v91 _9186492 |
| 852 |
_aES-MaACL _jA-11853 _9186619 _bR.146745 _cDEPO1 _dOlim: N-4858 |
||
| 942 |
_2udc _cMONOGRAFIA |
||
| 999 |
_c179720 _d179720 |
||